000 00577cam a22002053a 4500
001 40942
003 PGUSA
005 20140828083924.0
008 121005s2012||||xxu|||||s|||||000 | eng d
040 _aPGUSA
_beng
042 _adc
100 1 _aTreub, Willem
245 1 0 _aOorlogstijd :
_bHerinneringen en Indrukken
_h[electronic resource] /
_cWillem Treub
260 _bProject Gutenberg,
_c2012
506 _aPublic domain in the USA.
516 _aElectronic text
830 0 _aProject Gutenberg
_v40942
856 4 0 _uhttp://www.gutenberg.org/ebooks/40942
942 _cEB
999 _c270194
_d270194